00470pam a2200181 a 4500001000800000005001700008008004100025010001700066020003200083040001800115041000800133080001400141082001800155100000700173101000800180245007000188504003000258146261720180227081230.0870109s1987 nyu b 001 0 eng  a 86030214  a0202303373 (pbk.) :c$11.95 aDLCcDLCdDLC aeng a361.1 SPE00a361.1 SPE2191 a50 aSOC10aConstructing social problems /cMalcolm Spector, John I. Kitsuse. aBibliography: p. 172-180.